000 00725nam a22002297a 4500
003 UA-OsUOA
001 99685
007 ta
008 20130513b un ||||| |||| 00| 0 ukr d
090 _a82.091
_bС91
942 _cBK
040 _aUA-OsUOA
_bukr
_cUA-OsUOA
_dUA-OsUOA
245 _aСучасна літературна компаративістика: стратегії і методи
_bстратегії і методи
_cза заг. ред. Наливайка Д.
300 _a487 с.
955 _a2
041 _aukr
080 _a82.091
020 _a978-966-518-488-1
260 _aК.
_bКМА
_c2009
650 7 _a82 Література. Літературознавство
_2UDC
999 _c386011
_d386011